Tablica Mendelejewa - MindSprint - Statystyki

Ogólne statystyki
  • Ten quiz został rozwiązany 85 razy
  • Średni wynik to 25 z 118
Statystyki odpowiedzi
# Symbol Pierwiastek % Poprawnych
2 He Hel
86%
1 H Wodór
86%
8 O Tlen
80%
19 K Potas
66%
6 C Węgiel
63%
7 N Azot
60%
5 B Bor
60%
3 Li Lit
57%
11 Na Sód
57%
4 Be Beryl
51%
15 P Fosfor
51%
26 Fe Żelazo
51%
10 Ne Neon
49%
16 S Siarka
49%
14 Si Krzem
46%
12 Mg Magnez
46%
88 Ra Rad
46%
18 Ar Argon
43%
30 Zn Cynk
43%
79 Au Złoto
43%
56 Ba Bar
40%
50 Sn Cyna
40%
9 F Fluor
40%
20 Ca Wapń
40%
35 Br Brom
34%
54 Xe Ksenon
34%
47 Ag Srebro
34%
55 Cs Cez
31%
17 Cl Chlor
31%
24 Cr Chrom
29%
53 I Jod
29%
36 Kr Krypton
29%
29 Cu Miedź
29%
84 Po Polon
29%
13 Al Glin
26%
39 Y Itr
26%
80 Hg Rtęć
26%
92 U Uran
23%
58 Ce Cer
20%
28 Ni Nikiel
20%
118 Og Oganeson
20%
82 Pb Ołów
20%
76 Os Osm
20%
45 Rh Rod
20%
37 Rb Rubid
20%
22 Ti Tytan
20%
23 V Wanad
20%
33 As Arsen
17%
48 Cd Kadm
17%
25 Mn Mangan
17%
78 Pt Platyna
17%
107 Bh Bohr
14%
63 Eu Europ
14%
87 Fr Frans
14%
31 Ga Gal
14%
49 In Ind
14%
96 Cm Kiur
14%
93 Np Neptun
14%
86 Rn Radon
14%
44 Ru Ruten
14%
34 Se Selen
14%
21 Sc Skand
14%
90 Th Tor
14%
95 Am Ameryk
11%
99 Es Einstein
11%
68 Er Erb
11%
64 Gd Gadolin
11%
32 Ge German
11%
108 Hs Has
11%
70 Yb Iterb
11%
115 Mc Moskow
11%
94 Pu Pluton
11%
75 Re Ren
11%
38 Sr Stront
11%
89 Ac Aktyn
9%
85 At Astat
9%
83 Bi Bizmut
9%
105 Db Dubn
9%
114 Fl Flerow
9%
27 Co Kobalt
9%
112 Cn Kopernik
9%
57 La Lantan
9%
103 Lr Lorens
9%
101 Md Mendelew
9%
42 Mo Molibden
9%
81 Tl Tal
9%
52 Te Tellur
9%
65 Tb Terb
9%
51 Sb Antymon
6%
97 Bk Berkel
6%
110 Ds Darmsztadt
6%
100 Fm Ferm
6%
67 Ho Holm
6%
77 Ir Iryd
6%
98 Cf Kaliforn
6%
71 Lu Lutet
6%
109 Mt Meitner
6%
113 Nh Nihon
6%
41 Nb Niob
6%
102 No Nobel
6%
91 Pa Protaktyn
6%
62 Sm Samar
6%
43 Tc Technet
6%
69 Tm Tul
6%
74 W Wolfram
6%
40 Zr Cyrkon
3%
66 Dy Dysproz
3%
116 Lv Liwermor
3%
60 Nd Neodym
3%
46 Pd Pallad
3%
59 Pr Prazeodym
3%
61 Pm Promet
3%
111 Rg Roentgen
3%
104 Rf Rutherford
3%
73 Ta Tantal
3%
117 Ts Tenes
3%
72 Hf Hafn
0%
106 Sg Seaborg
0%
Nie znaleziono quizów pasujących do podanych kryteriów
Rozkład punktacji
Procent ludzi z każdym wynikiem
Percentyl według liczby udzielonych odpowiedzi
Twoja historia wyników
Nie rozwiązałeś tego quizu